Statistiques concernant La Marseillaise

Cliquez ici pour prendre le quiz!

Statistiques générales

  • Ce quiz a été pris 6,810 fois
  • Le résultat moyen est 47 sur 54

Statistiques - réponses

% Correct
la
99%
de
99%
la
99%
Le
99%
arrivé!
98%
Patrie,
98%
jour
98%
gloire
98%
est
98%
est
98%
enfants
98%
Allons,
95%
sang
94%
nous
92%
tyrannie
92%
nos
91%
sanglant
89%
Marchons,
88%
marchons!
88%
levé,
88%
les
86%
vos
86%
citoyens,
86%
vos
86%
armes,
86%
Aux
86%
dans
85%
Contre
85%
dans
85%
impur
84%
campagnes
83%
bataillons,
83%
L'étendard
82%
soldats?
82%
sillons!
81%
Abreuve
80%
Qu'un
79%
vous
79%
fils,
78%
compagnes!
78%
viennent
78%
féroces
78%
jusque
77%
Formez
77%
ces
77%
Entendez-
77%
bras
76%
Ils
73%
Égorger
72%
Mugir
72%

Distribution des résultats

Percentile par nombre de réponses

% des personnes avec chaque résultat

Votre développement - résultats

Vous n’avez pas pris ce quiz